Engineering Mechanics/ (Record no. 187103)

MARC details
000 -LEADER
fixed length control field 00667nam a22002057a 4500
005 - DATE AND TIME OF LATEST TRANSACTION
control field 20220331144040.0
010 ## - LCCN (DPL NO)
LC control number ENG-132185
020 ## - INTERNATIONAL STANDARD BOOK NUMBER
International Standard Book Number 9788195391929
Terms of availability 523.00
035 ## - SYSTEM CONTROL NUMBER
System control number EN-115717
037 ## - SOURCE OF ACQUISITION
Source of stock number/acquisition DBAD/PUB
082 ## - DEWEY DECIMAL CLASSIFICATION NUMBER
Classification number 620.1
100 ## - MAIN ENTRY--PERSONAL NAME
Personal name Kumar, M. Sreenivasa
245 ## - TITLE STATEMENT
Title Engineering Mechanics/
Statement of responsibility, etc M. Sreenivasa Kumar, D. Suneel and Sekhar
260 ## - PUBLICATION, DISTRIBUTION, ETC. (IMPRINT)
Place of publication, distribution, etc Hyderabad
Name of publisher, distributor, etc Srikrishna Techno Books
Date of publication, distribution, etc 2021
270 ## - ADDRESS
Address #326, III Floor, Surneni Nilayam Near B K Guda Park, S R Nagar
Electronic mail address studentshelpline.in@gmail.com
Postal code 500038
City Hyderabad
300 ## - PHYSICAL DESCRIPTION
Extent vp.
Dimensions 24cm(pbk)
700 ## - ADDED ENTRY--PERSONAL NAME
Personal name Suneel, D.
700 ## - ADDED ENTRY--PERSONAL NAME
Personal name Sekhar
942 ## - ADDED ENTRY ELEMENTS (KOHA)
Source of classification or shelving scheme Dewey Decimal Classification
Item type English Books
Call number suffix SRE
Classification part 620.1
Holdings
Withdrawn status Lost status Not for loan Collection code Home library Current library Date acquired Source of acquisition Cost, normal purchase price Full call number Barcode Copy number Cost, replacement price Koha item type
      Non-fiction Central Library Central Library 31/03/2022 DBAD/PUB 523.00 620.1 SRE EN-115717 1 523.00 English Books

© Delhi Public Library
Hit Counter
free hit counter